LEADER 00861nam a2200217 i 4500 001 000000245414 003 CaOOAMICUS 005 20151006000000.0 008 151006s1801 it u000 u fre u 013 $a224319 026 $aars, dus. a-va cale (3) 1801 (A) 040 $aSeMil$bita 245 10$aTome 1. 300 $a180 p., [1] c. di tav. ripieg. :$bill. 500 $aSegn. : A-P6. 773 0 $aBarruel, Augustin <1741-1820>$tHistoire civile, politique et religieuse de Pie 6., ecrite sur des memoires authentiques par un Francais catholique-romain. Tome 1. [-3.].$dA Paris : Chez tous les Marchands des nouveautés, 1801.$g1$w()16551 850 $aSeMil 852 $aSeMil$W1$xVenegono$y1$m3G I 65 FA$j195760$B195760$CSeMilBibl$Z2$F206441 $8I 941 1 $a10 961 $aRecupero: Mantegazza 996 $6245$aTome 1$9(OLS)http://semarc/title/1447 LEADER 00632nam a2200169 i 4500 001 000000249026 003 CaOOAMICUS 005 20160428000000.0 008 160428s1851 xx u000 u fre u 013 $a227931 040 $aSeMil$bita 245 10$aU-Zygene. 300 $a688 p. 773 0 $tEncyclopédie moderne.$bNouvelle édition / publiée par mm. Firmin Didot frères ; sous la direction de m. Léon Renier.$dParis : Firmin Didot frères, 1846-1854.$g27$w()5142 850 $aSeMil 852 $aSeMil$W1$xVenegono$y1$m1D VI 27 FA$j199372$B199372$CSeMilBibl$Z2$F210806 $8I 996 $6245$aU-Zygene$9(OLS)http://semarc/title/351303